BIBLIOTHÈQUE DE LA MAISON DU MEXIQUE

Logo 1 Logo 2

Relación geográfica e histórica de la provincia de Texas o Nuevas Filipinas (notice nᵒ 10242)

détails MARC
000 -Sello discográfico
campo de control de longitud fija 01342nam a2200337 4500
005 - Identificación de versión
campo de control 20250925141433.0
010 ## - Número Estándar Internacional de Libros (ISBN)
Número (ISBN) 978-607-455-414-4
099 ## - fechas locales
Tipo de ítem Koha LIBRO
100 ## - Datos de procesamiento general
Datos de procesamiento general 20031219d2010 m y1spay5003 ba
105 ## - Campo de datos codificados: Material textual, monográfico
Datos codificados de monografía y 001zy
200 1# - Título y mención de responsabilidad
Título propio Relación geográfica e histórica de la provincia de Texas o Nuevas Filipinas
Designación general del material texto impreso
Otra información del título 1673-1779
Primer mención de responsabilidad Fray Juan Agustín Morfi
Declaración de responsabilidad subsiguiente transcripción paleográfica, edición, notas y apéndices Guadalupe Curiel Defossé
205 ## - Declaración de edición
Declaración de edición 1a ed
210 ## - Publicación, distribución, etc.
Lugar de publicación, distribución, etc. México
Nombre del editor, distribuidor, etc. Consejo Nacional para la Cultura y las Artes
-- Universidad Nacional Autónoma de México, Instituto de Investigaciones Bibliográficas
Fecha de publicación, distribución, etc. 2010
215 ## - Descripción física
Designación de material específico y extensión del ítem 330 p
Dimensiones 21 cm
345 ## - Nota de información de adquisición
Fuente de adquisición/dirección de la suscripción [OBSOLETO] Donación
410 #1 - Series
Título Cien de México
606 ## - Término temático usado como materia
Elemento de entrada Indios de América del Norte
Subdivisión temática Misiones
Número Koha 16784
606 ## - Término temático usado como materia
Elemento de entrada Indios de América del Norte
Subdivisión geográfica Texas
Número Koha 16785
606 ## - Término temático usado como materia
Elemento de entrada Misiones
Subdivisión geográfica Texas
Número Koha 16786
607 ## - Nombre geográfico utilizado como tema
Elemento de entrada Texas (Estados Unidos)
Subdivisión temática Historia
Subdivisión cronológica Hasta 1846
Número Koha 16687
660 ## - Código de área geográfica
Código MX
700 ## - Nombre personal - Responsabilidad primaria
Elemento de entrada Morfi
Parte del nombre distinta del elemento de entrada Juan Agustín
Fechas 1720-1783
Adiciones a los nombres que no sean fechas Fray
Número Koha 16787
702 ## - Nombre personal - Responsabilidad secundaria
Elemento de entrada Curiel Defossé
Parte del nombre distinta del elemento de entrada Guadalupe
Fechas 1952-2018
Número Koha 16788
801 #0 - Fuente de origen
Agencia cm
900 ## -
-- 1/5601
900 ## -
-- 7100317363\191203
942 ## - ELEMENTOS DE ENTRADA SECUNDARIOS (KOHA)
Tipo de ítem Koha Livre
996 ## -
-- MEX
-- 751145101
-- MMAG
-- 002801
-- 972 C569 V.100
-- 20200911LIV
Exemplaires
Estatus retirado Estado de daño Estado de pérdida Fecha de adquisición Biblioteca de origen Biblioteca actual Ubicación en estantería Código de barras Precio de reemplazo Signatura topográfica completa No para préstamo Tipo de ítem Koha Nota pública Nota no pública
      05/08/2025 Casa México Paris Casa México Paris   002801 05/08/2025 972 C569 V.100   Livre 20200911LIV 751145101